| 000 | 00390 a2200133 4500 | ||
|---|---|---|---|
| 005 | 20250628194229.0 | ||
| 020 | _a978-1-0718-0771-2 | ||
| 100 | _aWARNER, M. R | ||
| 245 | _aApplied Statistics II: Multivariable and Multivariate Techniques | ||
| 250 | _a3rd Ed. | ||
| 260 |
_aLos Angels _b Sage Publications Ltd. _c2021 |
||
| 300 |
_axxiii,682p.:ill.;figures _b Index _c25cm |
||
| 942 |
_2ddc _cBKS |
||
| 999 |
_c6183 _d6183 |
||